F1 2014 Line-ups - Statistiques

Statistiques générales
  • Ce quiz a été pris 22 fois
  • Le résultat moyen est 18 sur 22
Statistiques - réponses
Team Nationality Driver % Correct
Scuderia Ferrari Spain Fernando Alonso
100%
Finland Kimi Raïkkönen
100%
Mercedes AMG Petronas F1 Team United Kingdom Lewis Hamilton
100%
Infiniti Red Bull Racing Germany Sebastian Vettel
100%
Australia Daniel Ricciardo
95%
McLaren Mercedes United Kingdom Jenson Button
95%
Lotus F1 Team France Romain Grosjean
95%
Mexico Sergio Perez
95%
Marussia F1 Team France Jules Bianchi 🕊️
90%
Denmark Kevin Magnussen
90%
Germany Nico Rosberg
90%
Finland Valtteri Bottas
90%
Williams F1 Team Brazil Felipe Massa
85%
Sweden Marcus Ericsson
85%
Venezuela Pastor Maldonado
85%
Sahara Force India F1 Team Germany Nico Hülkenberg
80%
Russia Daniil Kvyat
70%
Scuderia Toro Rosso France Jean-Eric Vergne
65%
Mexico Esteban Gutierrez
55%
Caterham F1 Team Japan Kamui Kobayashi
55%
Sauber F1 Team Germany Adrian Sutil
35%
United Kingdom Max Chilton
35%
Aucun quiz correspondant
Distribution des résultats
% des personnes avec chaque résultat
Percentile par nombre de réponses
Votre historique - résultats
Vous n’avez pas pris ce quiz